<?xml version="1.0" encoding="UTF-8"?>
<record
    xmlns:xsi="http://www.w3.org/2001/XMLSchema-instance"
    xsi:schemaLocation="http://www.loc.gov/MARC21/slim http://www.loc.gov/standards/marcxml/schema/MARC21slim.xsd"
    xmlns="http://www.loc.gov/MARC21/slim">

  <leader>01898nam a2200337 a 4500</leader>
  <controlfield tag="001"> </controlfield>
  <controlfield tag="003">DO-SdBNP</controlfield>
  <controlfield tag="005">20221019134502.0</controlfield>
  <controlfield tag="008">090820s2006    Co  000   spa d</controlfield>
  <datafield tag="020" ind1=" " ind2=" ">
    <subfield code="a"> 9789588307060.</subfield>
  </datafield>
  <datafield tag="040" ind1=" " ind2=" ">
    <subfield code="a">DO-SdBNP</subfield>
    <subfield code="b">spa</subfield>
    <subfield code="c">BPMSU </subfield>
  </datafield>
  <datafield tag="082" ind1=" " ind2=" ">
    <subfield code="a">338.91</subfield>
    <subfield code="b">I38s 2006</subfield>
    <subfield code="2">22</subfield>
  </datafield>
  <datafield tag="110" ind1="2" ind2=" ">
    <subfield code="a">Banco Mundial.</subfield>
  </datafield>
  <datafield tag="245" ind1="1" ind2="0">
    <subfield code="a">Informe sobre el desarrollo mundial 2007 : </subfield>
    <subfield code="b">el desarrollo y la nueva generaci&#xF3;n </subfield>
  </datafield>
  <datafield tag="260" ind1=" " ind2=" ">
    <subfield code="a">Bogot&#xE1;, Colombia  : </subfield>
    <subfield code="b">Banco Mundial,</subfield>
    <subfield code="c">2006.</subfield>
  </datafield>
  <datafield tag="300" ind1=" " ind2=" ">
    <subfield code="a">xviii, 263 p. :</subfield>
    <subfield code="b">il.,gr&#xE1;fs. ;</subfield>
    <subfield code="c">28 cm.</subfield>
  </datafield>
  <datafield tag="500" ind1=" " ind2=" ">
    <subfield code="a">Documento del Banco Mundial </subfield>
  </datafield>
  <datafield tag="500" ind1=" " ind2=" ">
    <subfield code="a">Texto a dos columnas </subfield>
  </datafield>
  <datafield tag="504" ind1=" " ind2=" ">
    <subfield code="a">Referencias bibliogr&#xE1;ficas ; 207-228</subfield>
  </datafield>
  <datafield tag="505" ind1="0" ind2=" ">
    <subfield code="a">Panorama general 1 -- &#xBF;Por qu&#xE9; ahora y c&#xF3;mo ? 21 -- La juventud, la reducci&#xF3;n de la pobreza y el crecimiento 22 -- Posibilidades, capacidades y segundas oportunidades : marco de referencia para las pol&#xED;ticas 39 -- Transiciones 58 -- Aprender para el trabajo y la vida 58 -- Salir a trabajar 81 -- Crecer en forma saludable 102 -- Formar familias 121 -- Ejercer la ciudadan&#xED;a 134 -- Moverse y comunicarse a trav&#xE9;s de las fronteras 156 -- Pol&#xED;ticas para los j&#xF3;venes : hacerlo bien y lograrlo bien 177 -- Notas bibliogr&#xE1;ficas 191 -- Notas 193 -- Referencias 207 -- Indicadores seleccionados  229 -- Indicadores seleccionados del desarrollo mundial 243</subfield>
  </datafield>
  <datafield tag="590" ind1=" " ind2=" ">
    <subfield code="6">Inventariado, 2021/VM</subfield>
  </datafield>
  <datafield tag="650" ind1=" " ind2=" ">
    <subfield code="a">Desarrollo econ&#xF3;mico</subfield>
    <subfield code="z">Pa&#xED;ses en desarrollo</subfield>
    <subfield code="y">2007</subfield>
    <subfield code="v">Informe</subfield>
  </datafield>
  <datafield tag="650" ind1=" " ind2="4">
    <subfield code="a"> Desarrollo cient&#xED;fico y tecnol&#xF3;gico</subfield>
    <subfield code="v">Informes.</subfield>
  </datafield>
  <datafield tag="651" ind1=" " ind2="4">
    <subfield code="a">Pa&#xED;ses en desarrollo</subfield>
    <subfield code="x">Indicadores econ&#xF3;micos </subfield>
    <subfield code="y">2007</subfield>
  </datafield>
  <datafield tag="651" ind1=" " ind2="4">
    <subfield code="a">Pa&#xED;ses en desarrollo</subfield>
    <subfield code="x">Pol&#xED;tica econ&#xF3;mica </subfield>
    <subfield code="y">2007</subfield>
  </datafield>
  <datafield tag="710" ind1="2" ind2=" ">
    <subfield code="a">Banco Internacional de Reconstrucci&#xF3;n y Fomento</subfield>
  </datafield>
  <datafield tag="710" ind1="2" ind2=" ">
    <subfield code="a">Banco Interamericano de Desarrollo (Rep&#xFA;blica Dominicana)</subfield>
  </datafield>
  <datafield tag="710" ind1="2" ind2=" ">
    <subfield code="a">Banco Mundial (Rep&#xFA;blica Dominicana)</subfield>
  </datafield>
  <datafield tag="910" ind1=" " ind2=" ">
    <subfield code="a">VMateo V./Validado</subfield>
  </datafield>
  <datafield tag="942" ind1=" " ind2=" ">
    <subfield code="2">ddc</subfield>
    <subfield code="c">BK</subfield>
  </datafield>
  <datafield tag="952" ind1=" " ind2=" ">
    <subfield code="0">0</subfield>
    <subfield code="1">0</subfield>
    <subfield code="2">ddc</subfield>
    <subfield code="4">0</subfield>
    <subfield code="7">0</subfield>
    <subfield code="8">CD</subfield>
    <subfield code="a">BPMET</subfield>
    <subfield code="b">BPMET</subfield>
    <subfield code="d">2022-10-19</subfield>
    <subfield code="l">0</subfield>
    <subfield code="o">BPMSU CG 338.91 B213i 2007</subfield>
    <subfield code="p">BPMSU22100065</subfield>
    <subfield code="r">2022-10-19</subfield>
    <subfield code="w">2022-10-19</subfield>
    <subfield code="y">BK</subfield>
  </datafield>
  <datafield tag="952" ind1=" " ind2=" ">
    <subfield code="0">0</subfield>
    <subfield code="1">0</subfield>
    <subfield code="2">ddc</subfield>
    <subfield code="4">0</subfield>
    <subfield code="7">0</subfield>
    <subfield code="8">CD</subfield>
    <subfield code="a">BPMET</subfield>
    <subfield code="b">BPMET</subfield>
    <subfield code="d">2022-10-19</subfield>
    <subfield code="o">BPMSU CG 338.91 B213i 2007</subfield>
    <subfield code="p">BPMSU22100066</subfield>
    <subfield code="r">2022-10-19</subfield>
    <subfield code="t">e.2</subfield>
    <subfield code="w">2022-10-19</subfield>
    <subfield code="y">BK</subfield>
  </datafield>
  <datafield tag="952" ind1=" " ind2=" ">
    <subfield code="0">0</subfield>
    <subfield code="1">0</subfield>
    <subfield code="2">ddc</subfield>
    <subfield code="4">0</subfield>
    <subfield code="7">0</subfield>
    <subfield code="8">CD</subfield>
    <subfield code="a">BPMET</subfield>
    <subfield code="b">BPMET</subfield>
    <subfield code="d">2022-10-19</subfield>
    <subfield code="l">0</subfield>
    <subfield code="o">BPMSU CG 338.91 B213i 2007</subfield>
    <subfield code="p">BPMSU22100067</subfield>
    <subfield code="r">2022-10-19</subfield>
    <subfield code="t">e.3</subfield>
    <subfield code="w">2022-10-19</subfield>
    <subfield code="y">BK</subfield>
  </datafield>
  <datafield tag="999" ind1=" " ind2=" ">
    <subfield code="c">14310</subfield>
    <subfield code="d">14310</subfield>
  </datafield>
</record>
